[Event "Caribean-chT 24th"]
[Site "San Salvador"]
[Date "2023.07.06"]
[Round "9.1"]
[White "Almedina Ortiz, Edgardo J"]
[Black "Arias, Lemnys A"]
[Result "0-1"]
[WhiteElo "2217"]
[BlackElo "2379"]
[PlyCount "93"]
[EventDate "2023.07.06"]
[EventType "tourn"]
[EventRounds "15"]
[EventCountry "ESA"]
[SourceTitle "CBM 215 Extra"]
[Source "ChessBase"]
[SourceDate "2023.09.30"]
[SourceVersion "1"]
[SourceVersionDate "2023.09.30"]
[SourceQuality "1"]
[WhiteTeam "Puerto Rico"]
[BlackTeam "El Salvador"]
[WhiteTeamCountry "PUR"]
[BlackTeamCountry "ESA"]

1. d4 Nf6 2. c4 d6 3. Nf3 Nbd7 4. g3 c6 5. Nc3 e5 6. Bg2 Be7 7. 0-0 0-0 8. h3 Re8 9. e4 Bf8 10. Be3 a6 11. Qc2 b5 12. cxb5 axb5 13. a3 Bb7 14. Rfd1 Qb8 15. Rac1 Rc8 16. Qb3 exd4 17. Nxd4 Nc5 18. Qc2 Nfd7 19. f4 g6 20. Bf2 Bg7 21. Bf3 Re8 22. Kg2 Nf6 23. Rd2 Ra6 24. Rcd1 Bf8 25. Kh2 h5 26. Bg2 h4 27. g4 Qd8 28. g5 Nh5 29. Nde2 Ne6 30. Be3 Qb8 31. Bf3 Nhg7 32. Bf2 d5 33. e5 Nf5 34. Bg4 Neg7 35. Nd4 Nxd4 36. Bxd4 c5 37. Bf2 d4 38. Nxb5 Bd5 39. a4 Qb7 40. Rc1 Bf3 41. Qd3 Be4 42. Qe2 Rxa4 43. Na3 Rb4 44. Nc4 Bd5 45. Rcc2 Rb3 46. Rd3 Bxc4 47. Rxc4 0-1

[Event "Caribean-chT 24th"]
[Site "San Salvador"]
[Date "2023.07.06"]
[Round "14.1"]
[White "Christie, Joshua"]
[Black "Arias, Lemnys A"]
[Result "1/2-1/2"]
[WhiteElo "2201"]
[BlackElo "2379"]
[PlyCount "181"]
[EventDate "2023.07.06"]
[EventType "tourn"]
[EventRounds "15"]
[EventCountry "ESA"]
[SourceTitle "CBM 215 Extra"]
[Source "ChessBase"]
[SourceDate "2023.09.30"]
[SourceVersion "1"]
[SourceVersionDate "2023.09.30"]
[SourceQuality "1"]
[WhiteTeam "Jamaica"]
[BlackTeam "El Salvador"]
[WhiteTeamCountry "JAM"]
[BlackTeamCountry "ESA"]

1. d4 d5 2. c4 e6 3. Nc3 Nf6 4. cxd5 exd5 5. Bg5 c6 6. e3 Be7 7. Qc2 a5 8. Bd3 h6 9. Bh4 Na6 10. a3 Nc7 11. Nge2 0-0 12. 0-0 Re8 13. f3 c5 14. Bf2 cxd4 15. Nxd4 Ne6 16. Nf5 Bf8 17. Rad1 Bd7 18. e4 dxe4 19. Nxe4 Rc8 20. Qb3 Nxe4 21. Bxe4 Nc5 22. Bxc5 Bxc5+ 23. Kh1 Qc7 24. Ne3 b6 25. Nd5 Qd6 26. Nxb6 Qxb6 27. Qxb6 Bxb6 28. Rxd7 Red8 29. Rxd8+ Rxd8 30. b4 axb4 31. axb4 Rd2 32. b5 Rb2 33. Bc6 Kf8 34. Re1 g5 35. Rf1 Bc7 36. Rd1 Kg7 37. Re1 h5 38. Rf1 h4 39. Rd1 h3 40. g3 Kf6 41. Bd7 Be5 42. Bxh3 Rxb5 43. Rf1 Rb2 44. Bg2 Bd4 45. Rd1 Be3 46. Re1 Bd2 47. Rd1 Ke5 48. Ra1 Kd4 49. Rf1 Ke3 50. f4 g4 51. f5 f6 52. Ra1 Rc2 53. Rf1 Bc3 54. Bd5 Bd2 55. Bb7 Rb2 56. Bc6 Ke2 57. Ra1 Bc3 58. Bg2 Rb4 59. Rc1 Bd2 60. Ra1 Kf2 61. Rf1+ Ke2 62. Ra1 Rb3 63. Bf1+ Kf2 64. Bg2 Rc3 65. Rf1+ Ke3 66. Rb1 Bc1 67. Kg1 Ke2 68. Kh1 Kf2 69. Ra1 Rc5 70. Ra2+ Ke1 71. Ra1 Kd1 72. Ra2 Rxf5 73. h3 Rh5 74. Kh2 f5 75. Ra8 Be3 76. Ra5 Ke1 77. Ra1+ Kd2 78. Ra2+ Kd3 79. Ra3+ Kd4 80. Ra4+ Ke5 81. Ra5+ Kd6 82. Ra6+ Kc5 83. Ra5+ Kb4 84. Ra1 Bd4 85. Ra8 Be5 86. Re8 f4 87. gxf4 Bxf4+ 88. Kg1 gxh3 89. Re4+ Kc3 90. Rxf4 hxg2 91. Kxg2 1/2-1/2

[Event "Caribean-chT 24th"]
[Site "San Salvador"]
[Date "2023.07.06"]
[Round "3.1"]
[White "Escalona Landi, Samid Eduardo"]
[Black "Arias, Lemnys A"]
[Result "1-0"]
[WhiteElo "2286"]
[BlackElo "2379"]
[PlyCount "67"]
[EventDate "2023.07.06"]
[EventType "tourn"]
[EventRounds "15"]
[EventCountry "ESA"]
[SourceTitle "CBM 215 Extra"]
[Source "ChessBase"]
[SourceDate "2023.09.30"]
[SourceVersion "1"]
[SourceVersionDate "2023.09.30"]
[SourceQuality "1"]
[WhiteTeam "Venezuela"]
[BlackTeam "El Salvador"]
[WhiteTeamCountry "VEN"]
[BlackTeamCountry "ESA"]

1. Nf3 d5 2. c4 c6 3. b3 Nf6 4. Bb2 Bf5 5. d3 h6 6. g3 e6 7. Bg2 Nbd7 8. 0-0 a5 9. a3 Be7 10. Nbd2 Bh7 11. Rc1 0-0 12. Rc2 Re8 13. Qa1 Bf8 14. Rfc1 Qb8 15. Qa2 e5 16. cxd5 cxd5 17. Nf1 e4 18. dxe4 dxe4 19. Nd4 e3 20. Nxe3 Bxc2 21. Nexc2 Qe5 22. Bxb7 Rab8 23. Nc6 Qxe2 24. N2d4 Qd2 25. Nxb8 Rxb8 26. Bg2 Ng4 27. Rf1 Bc5 28. Qa1 Bxd4 29. Bxd4 Ngf6 30. Bc3 Qg5 31. b4 axb4 32. Bxb4 Ne5 33. Bd6 Re8 34. f4 1-0

[Event "Caribean-chT Rapid 24th"]
[Site "San Salvador"]
[Date "2023.07.05"]
[Round "13.1"]
[White "Christie, Joshua"]
[Black "Arias, Lemnys A"]
[Result "1/2-1/2"]
[WhiteElo "2185"]
[BlackElo "2238"]
[PlyCount "70"]
[EventDate "2023.07.03"]
[EventType "tourn (rapid)"]
[EventRounds "15"]
[EventCountry "ESA"]
[SourceTitle "CBM 215 Extra"]
[Source "ChessBase"]
[SourceDate "2023.09.30"]
[SourceVersion "1"]
[SourceVersionDate "2023.09.30"]
[SourceQuality "1"]
[WhiteTeam "Jamaica"]
[BlackTeam "El Salvador"]
[WhiteTeamCountry "JAM"]
[BlackTeamCountry "ESA"]

1. d4 d5 2. c4 c6 3. Nc3 Nf6 4. Nf3 a6 5. c5 Nbd7 6. Bf4 Nh5 7. Be3 g6 8. g3 Bg7 9. Bg2 0-0 10. 0-0 f5 11. Qd2 e5 12. dxe5 Nxe5 13. Nxe5 Bxe5 14. Bd4 Qf6 15. Rad1 Be6 16. Bxe5 Qxe5 17. Qd4 Qxd4 18. Rxd4 Rae8 19. f3 Ng7 20. e4 dxe4 21. fxe4 Bc8 22. Rd2 Ne6 23. b4 Ng5 24. Rd4 fxe4 25. Rxf8+ Kxf8 26. Nxe4 Nxe4 27. Bxe4 Ke7 28. Kf2 Rf8+ 29. Ke2 Bg4+ 30. Ke3 Be6 31. a4 Rf1 32. b5 axb5 33. axb5 Rc1 34. bxc6 bxc6 35. Bxc6 Rxc5 1/2-1/2

[Event "Caribean-chT Rapid 24th"]
[Site "San Salvador"]
[Date "2023.07.05"]
[Round "15.1"]
[White "Escalona Landi, Samid Eduardo"]
[Black "Arias, Lemnys A"]
[Result "1-0"]
[WhiteElo "2233"]
[BlackElo "2238"]
[PlyCount "99"]
[EventDate "2023.07.03"]
[EventType "tourn (rapid)"]
[EventRounds "15"]
[EventCountry "ESA"]
[SourceTitle "CBM 215 Extra"]
[Source "ChessBase"]
[SourceDate "2023.09.30"]
[SourceVersion "1"]
[SourceVersionDate "2023.09.30"]
[SourceQuality "1"]
[WhiteTeam "Venezuela"]
[BlackTeam "El Salvador"]
[WhiteTeamCountry "VEN"]
[BlackTeamCountry "ESA"]

1. Nf3 d5 2. c4 c6 3. g3 Nf6 4. Bg2 dxc4 5. 0-0 g6 6. a4 Bg7 7. Na3 0-0 8. Nxc4 Be6 9. d3 a5 10. Be3 Nd5 11. Bd2 Nb4 12. Rc1 N8a6 13. Bc3 Bxc4 14. Bxg7 Kxg7 15. Rxc4 Qd6 16. d4 Rad8 17. e3 b5 18. Rc1 Na2 19. Ra1 N6b4 20. Qb1 Qe6 21. axb5 cxb5 22. b3 Nc3 23. Qb2 Nbd5 24. Rxa5 b4 25. Ne5 f6 26. Nc4 Nb6 27. Rc5 Rc8 28. Nxb6 Qxb6 29. Rxc8 Rxc8 30. Ra1 e5 31. dxe5 fxe5 32. Qd2 Rd8 33. Ra7+ Qxa7 34. Qxd8 Qc5 35. Qd7+ Kh6 36. h4 e4 37. Qf7 Qd6 38. Kh2 Qe5 39. Qf8+ Qg7 40. Qf4+ g5 41. Qd6+ Kh5 42. hxg5 Kxg5 43. Qf4+ Kh5 44. Bxe4 Nxe4 45. Qxe4 Qb2 46. Qxh7+ Kg5 47. Qh4+ Kg6 48. Qg4+ Kh7 49. Qf5+ Kh6 50. Qf7 1-0

[Event "Caribean-chT Rapid 24th"]
[Site "San Salvador"]
[Date "2023.07.04"]
[Round "8.1"]
[White "Arias, Lemnys A"]
[Black "Cardoso Cardoso, Jose Gabriel"]
[Result "1-0"]
[WhiteElo "2238"]
[BlackElo "2431"]
[PlyCount "89"]
[EventDate "2023.07.03"]
[EventType "tourn (rapid)"]
[EventRounds "15"]
[EventCountry "ESA"]
[SourceTitle "CBM 215 Extra"]
[Source "ChessBase"]
[SourceDate "2023.09.30"]
[SourceVersion "1"]
[SourceVersionDate "2023.09.30"]
[SourceQuality "1"]
[WhiteTeam "El Salvador"]
[BlackTeam "Colombia"]
[WhiteTeamCountry "ESA"]
[BlackTeamCountry "COL"]

1. e4 c5 2. Nf3 d6 3. d4 cxd4 4. Nxd4 Nf6 5. Nc3 a6 6. Be2 e5 7. Nb3 Be7 8. 0-0 0-0 9. Re1 Be6 10. Bf3 Nbd7 11. a4 Qb8 12. a5 Rc8 13. Nd5 Nxd5 14. exd5 Bf5 15. c3 Qc7 16. g3 Re8 17. Bg2 Bg6 18. Be3 Rac8 19. Ra4 h6 20. Rb4 Bf8 21. Bh3 Rb8 22. Ba7 Ra8 23. Be3 e4 24. Bb6 Nxb6 25. Rxb6 Re5 26. Qd4 Qe7 27. Nd2 Qg5 28. c4 Rae8 29. Nf1 f5 30. Qd2 Qe7 31. c5 Qf7 32. cxd6 Rxd5 33. Qb4 Rd8 34. Rxb7 Qe6 35. Ne3 R5xd6 36. Qb3 Qxb3 37. Rxb3 Bf7 38. Rb7 g6 39. Bf1 Rd2 40. Bxa6 Bc5 41. Bf1 g5 42. Rb5 Bxe3 43. fxe3 Bh5 44. a6 Ra8 45. Rb7 1-0

[Event "Caribean-chT Rapid 24th"]
[Site "San Salvador"]
[Date "2023.07.03"]
[Round "3.1"]
[White "Arias, Lemnys A"]
[Black "Husbands, Orlando"]
[Result "0-1"]
[WhiteElo "2238"]
[BlackElo "2210"]
[PlyCount "56"]
[EventDate "2023.07.03"]
[EventType "tourn (rapid)"]
[EventRounds "15"]
[EventCountry "ESA"]
[SourceTitle "CBM 215 Extra"]
[Source "ChessBase"]
[SourceDate "2023.09.30"]
[SourceVersion "1"]
[SourceVersionDate "2023.09.30"]
[SourceQuality "1"]
[WhiteTeam "El Salvador"]
[BlackTeam "Barbados"]
[WhiteTeamCountry "ESA"]
[BlackTeamCountry "BAR"]

1. d4 d5 2. Nf3 Nf6 3. c4 c6 4. Qc2 g6 5. Bf4 Bg7 6. e3 0-0 7. Nc3 c5 8. dxc5 Qa5 9. Nd2 Qxc5 10. Nb3 Qc6 11. Nd4 Qc5 12. b4 Qxb4 13. Rb1 Qa5 14. Rb5 Qa6 15. cxd5 Bd7 16. Rc5 Qb6 17. Nb3 Na6 18. Bxa6 Qxa6 19. Qe2 Qa3 20. 0-0 Rfc8 21. Rc4 Rxc4 22. Qxc4 Rc8 23. Qd3 Nh5 24. Ne2 Qxa2 25. Bg5 a6 26. Nbd4 Qxd5 27. Bxe7 Bb5 28. Qb1 Bxd4 0-1

[Event "Caribean-chT Rapid 24th"]
[Site "San Salvador"]
[Date "2023.07.03"]
[Round "5.1"]
[White "Arias, Lemnys A"]
[Black "Valdes Romero, Leonardo"]
[Result "1-0"]
[WhiteElo "2238"]
[BlackElo "2403"]
[PlyCount "145"]
[EventDate "2023.07.03"]
[EventType "tourn (rapid)"]
[EventRounds "15"]
[EventCountry "ESA"]
[SourceTitle "CBM 215 Extra"]
[Source "ChessBase"]
[SourceDate "2023.09.30"]
[SourceVersion "1"]
[SourceVersionDate "2023.09.30"]
[SourceQuality "1"]
[WhiteTeam "El Salvador"]
[BlackTeam "Costa Rica"]
[WhiteTeamCountry "ESA"]
[BlackTeamCountry "CRI"]

1. d4 d6 2. c4 Nf6 3. Nc3 Nbd7 4. Nf3 e5 5. g3 Be7 6. Bg2 0-0 7. 0-0 c6 8. Qc2 Re8 9. Rd1 Bf8 10. d5 c5 11. e4 g6 12. a3 Nh5 13. Bg5 Be7 14. Bh6 Ng7 15. b4 Rf8 16. Qd2 b6 17. Ng5 Nf6 18. h3 Nfh5 19. bxc5 bxc5 20. Rab1 Ba6 21. Bf1 Qd7 22. Rb2 Rfb8 23. Rdb1 Qd8 24. Nb5 Bc8 25. Rb3 a6 26. Nc3 Rxb3 27. Rxb3 Bd7 28. Nf3 Nf6 29. Qb2 Nfe8 30. Rb7 Bc8 31. Rb8 Ra7 32. h4 Qc7 33. Rb3 Nf6 34. Bg5 Nge8 35. Nd2 Kg7 36. f3 Nh5 37. Ne2 h6 38. Bxe7 Qxe7 39. Rb8 Rb7 40. Rxb7 Qxb7 41. Qc3 Qb6 42. Kf2 Nhf6 43. Ke1 Qc7 44. Kf2 Qb6 45. Nc1 Nh5 46. Be2 Nhf6 47. Ncb3 Qd8 48. Qa5 Qd7 49. Bf1 Nh5 50. Nc1 f5 51. Bh3 Nxg3 52. Qb6 Nh5 53. exf5 gxf5 54. Qb8 Qd8 55. Ke3 Qxh4 56. Qxc8 Qd4+ 57. Ke2 Nf4+ 58. Kd1 Nxh3 59. Qxe8 Nf4 60. Qe7+ Kg8 61. Qe8+ Kg7 62. Qd7+ Kg8 63. Qxf5 Qe3 64. Qc8+ Kg7 65. Qd7+ Kg8 66. Qxd6 Qxa3 67. Qb8+ Kh7 68. d6 Ne6 69. Qb7+ Kg6 70. d7 Qa4+ 71. Ncb3 Kf6 72. Qc8 Ke7 73. Qe8+ 1-0

[Event "Olympiad-44"]
[Site "Chennai"]
[Date "2022.08.08"]
[Round "10.3"]
[White "Gavarrete, Joel"]
[Black "Arias, Lemnys A"]
[Result "1/2-1/2"]
[WhiteElo "2035"]
[BlackElo "2258"]
[PlyCount "84"]
[EventDate "2022.07.29"]
[EventType "team-swiss"]
[EventRounds "11"]
[EventCountry "IND"]
[SourceTitle "CBM 210"]
[Source "ChessBase"]
[SourceDate "2022.10.31"]
[SourceVersion "1"]
[SourceVersionDate "2022.10.31"]
[SourceQuality "1"]
[WhiteTeam "Honduras"]
[BlackTeam "El Salvador"]
[WhiteTeamCountry "HON"]
[BlackTeamCountry "ESA"]

1. Nf3 d5 2. b3 Bg4 3. e3 Nd7 4. Bb2 e6 5. Be2 c6 6. d4 Ngf6 7. Nbd2 a5 8. a4 Bb4 9. 0-0 0-0 10. Ne5 Bf5 11. Bd3 Qc7 12. Nxd7 Qxd7 13. Nf3 Ne4 14. Bxe4 Bxe4 15. Ne5 Qe8 16. Nd3 Bxd3 17. Qxd3 Qd7 18. c3 Bd6 19. Ba3 Bxa3 20. Rxa3 Qd6 21. Ra2 e5 22. dxe5 Qxe5 23. Qd4 Qxd4 24. cxd4 Ra6 25. g3 Rb6 26. Rb2 Rb4 27. Rc1 f6 28. Rc5 Ra8 29. Kf1 Kf7 30. Ke2 Ke6 31. Kd2 Kd6 32. Rc3 g5 33. g4 h5 34. h3 hxg4 35. hxg4 Rh8 36. Rb1 Rh4 37. Rg1 Rh2 38. Ke2 Rh4 39. Kd2 Rh7 40. Rgc1 Rh2 41. Ke2 Ke6 42. Rb1 Rh4 1/2-1/2

[Event "Olympiad-44"]
[Site "Chennai"]
[Date "2022.08.03"]
[Round "6.4"]
[White "Arias, Lemnys A"]
[Black "Frick, Renato"]
[Result "1-0"]
[WhiteElo "2258"]
[BlackElo "1900"]
[PlyCount "118"]
[EventDate "2022.07.29"]
[EventType "team-swiss"]
[EventRounds "11"]
[EventCountry "IND"]
[SourceTitle "CBM 210"]
[Source "ChessBase"]
[SourceDate "2022.10.31"]
[SourceVersion "1"]
[SourceVersionDate "2022.10.31"]
[SourceQuality "1"]
[WhiteTeam "El Salvador"]
[BlackTeam "Liechtenstein"]
[WhiteTeamCountry "ESA"]
[BlackTeamCountry "LIE"]

1. d4 Nf6 2. c4 e6 3. Nf3 Bb4+ 4. Bd2 a5 5. Qc2 0-0 6. g3 b6 7. Bg2 Bb7 8. Nc3 c5 9. dxc5 Bxc5 10. 0-0 Nc6 11. Rad1 Qe7 12. Bg5 Rfd8 13. Qc1 Qf8 14. Na4 d6 15. Nxc5 bxc5 16. Rfe1 Ne7 17. Bxf6 gxf6 18. Nd2 Bxg2 19. Kxg2 f5 20. Nb1 Qg7 21. Nc3 Ng6 22. Kh1 Ne5 23. Nb5 Ra6 24. f3 f6 25. Kg2 Qe7 26. a4 d5 27. cxd5 exd5 28. b3 Nc6 29. Qc2 Nb4 30. Qxf5 Re6 31. e4 Re5 32. Qg4+ Kh8 33. Re2 d4 34. Qf4 d3 35. Red2 f5 36. Nc3 fxe4 37. fxe4 Rf8 38. Qe3 Nd5 39. Nxd5 Rxd5 40. Rxd3 Re5 41. Rd7 Qf6 42. R7d2 Rfe8 43. Qf3 Qxf3+ 44. Kxf3 Rxe4 45. Rd8 Re3+ 46. Kf2 Re2+ 47. Kf1 Re1+ 48. Rxe1 Rxd8 49. Re5 Rc8 50. h4 Kg7 51. Kf2 Kf6 52. Rh5 Rc7 53. Kf3 Kg6 54. Rg5+ Kf6 55. Ke3 h6 56. Rh5 Kg6 57. Rd5 h5 58. Rg5+ Kh6 59. Kd3 Rb7 1-0

[Event "Olympiad-44"]
[Site "Chennai"]
[Date "2022.07.30"]
[Round "2.4"]
[White "Perez Gormaz, Matias Ariel"]
[Black "Arias, Lemnys A"]
[Result "1-0"]
[WhiteElo "2387"]
[BlackElo "2258"]
[PlyCount "89"]
[EventDate "2022.07.29"]
[EventType "team-swiss"]
[EventRounds "11"]
[EventCountry "IND"]
[SourceTitle "CBM 210"]
[Source "ChessBase"]
[SourceDate "2022.10.31"]
[SourceVersion "1"]
[SourceVersionDate "2022.10.31"]
[SourceQuality "1"]
[WhiteTeam "Chile"]
[BlackTeam "El Salvador"]
[WhiteTeamCountry "CHI"]
[BlackTeamCountry "ESA"]

1. e4 c5 2. Nf3 d6 3. d4 cxd4 4. Nxd4 Nf6 5. Nc3 a6 6. Be3 e5 7. Nf3 Be7 8. Bc4 Qc7 9. Bb3 Be6 10. 0-0 0-0 11. Nh4 g6 12. Bh6 Re8 13. Qd2 Nc6 14. Nf5 Bxf5 15. exf5 Nd4 16. fxg6 hxg6 17. Bg5 Qc6 18. Bxf6 Bxf6 19. Bd5 Qb6 20. Ne4 Bg7 21. c3 Ne6 22. g3 Rad8 23. a4 a5 24. Ra3 Qc7 25. Rd1 b6 26. h4 Qe7 27. Qe3 Nc5 28. Ng5 Rf8 29. b4 Nd7 30. Qe4 Qf6 31. Rd3 Qf5 32. Rf3 Nf6 33. Rxf5 Nxe4 34. Rxf7 Nxg5 35. Rxf8+ Kxf8 36. hxg5 Rc8 37. bxa5 bxa5 38. c4 Ke8 39. Rb3 Bf8 40. Rb5 Be7 41. Rxa5 Bxg5 42. Ra7 Bd8 43. Rg7 g5 44. Rg6 Be7 45. Rg8+ 1-0

[Event "American Continental 16th"]
[Site "San Salvador"]
[Date "2022.05.08"]
[Round "9"]
[White "Ibarra, Carlos Roberto"]
[Black "Arias, Lemnys A"]
[Result "1/2-1/2"]
[WhiteElo "1739"]
[BlackElo "2270"]
[PlyCount "77"]
[EventDate "2022.05.02"]
[EventType "swiss"]
[EventRounds "11"]
[EventCountry "ESA"]
[SourceTitle "CBM 208 Extra"]
[Source "ChessBase"]
[SourceDate "2022.07.31"]
[SourceVersion "1"]
[SourceVersionDate "2022.07.31"]
[SourceQuality "1"]

1. d4 Nf6 2. e3 d5 3. Bd3 c5 4. f4 Nc6 5. c3 Bg4 6. Nf3 e6 7. 0-0 Bd6 8. Qe1 Bf5 9. Bxf5 exf5 10. Ne5 Ne4 11. Nd2 f6 12. Nxe4 fxe4 13. Nxc6 bxc6 14. b3 0-0 15. Ba3 cxd4 16. Bxd6 Qxd6 17. cxd4 c5 18. dxc5 Qxc5 19. Rc1 Qb6 20. Qd2 Rfd8 21. Rfd1 Rd7 22. Qd4 Qxd4 23. Rxd4 Kf7 24. Rc5 Ke6 25. b4 g5 26. fxg5 fxg5 27. a4 g4 28. Rc6+ Ke5 29. Rh6 Rf8 30. Rh4 Rg8 31. Rh5+ Ke6 32. b5 Rc8 33. Rh6+ Ke5 34. Rh5+ Ke6 35. Rh6+ Ke5 36. Rh5+ Ke6 37. Rh6+ Kf5 38. Rh5+ Ke6 39. Rh6+ 1/2-1/2

[Event "American Continental 16th"]
[Site "San Salvador"]
[Date "2022.05.04"]
[Round "4"]
[White "Arias, Lemnys A"]
[Black "Cabezas Solano, David Alejandro"]
[Result "1/2-1/2"]
[WhiteElo "2270"]
[BlackElo "2084"]
[PlyCount "46"]
[EventDate "2022.05.02"]
[EventType "swiss"]
[EventRounds "11"]
[EventCountry "ESA"]
[SourceTitle "CBM 208 Extra"]
[Source "ChessBase"]
[SourceDate "2022.07.31"]
[SourceVersion "1"]
[SourceVersionDate "2022.07.31"]
[SourceQuality "1"]

1. d4 Nf6 2. Nf3 d5 3. c4 e6 4. Nc3 Be7 5. g3 0-0 6. Bg2 dxc4 7. Ne5 c5 8. dxc5 Qc7 9. Nxc4 Qxc5 10. Qb3 Nc6 11. Be3 Qh5 12. Qb5 Qxb5 13. Nxb5 e5 14. 0-0 Be6 15. Rac1 Nd5 16. Rfd1 Nxe3 17. Nxe3 Bxa2 18. Rd7 Bg5 19. Rxb7 Nd4 20. Ra1 Be6 21. Nc7 Rab8 22. Nxe6 fxe6 23. Nc4 Rbc8 1/2-1/2

[Event "American Continental 16th"]
[Site "San Salvador"]
[Date "2022.05.02"]
[Round "1"]
[White "Mayorga Araya, Sofia"]
[Black "Arias, Lemnys A"]
[Result "0-1"]
[WhiteElo "1696"]
[BlackElo "2270"]
[PlyCount "110"]
[EventDate "2022.05.02"]
[EventType "swiss"]
[EventRounds "11"]
[EventCountry "ESA"]
[SourceTitle "CBM 208 Extra"]
[Source "ChessBase"]
[SourceDate "2022.07.31"]
[SourceVersion "1"]
[SourceVersionDate "2022.07.31"]
[SourceQuality "1"]

1. e4 c5 2. Nf3 Nc6 3. Bb5 g6 4. 0-0 Bg7 5. Re1 Nf6 6. e5 Nd5 7. Nc3 Nc7 8. Bxc6 dxc6 9. Ne4 b6 10. Nf6+ Kf8 11. Ne4 Bg4 12. d3 Ne6 13. h3 Bxf3 14. Qxf3 Qd5 15. Ng5 Nd4 16. Qd1 Rd8 17. c3 Ne6 18. Nxe6+ Qxe6 19. Bf4 h6 20. Qd2 Kg8 21. a4 Kh7 22. a5 b5 23. Qe3 Rd5 24. Rad1 Rhd8 25. Bh2 a6 26. f4 c4 27. d4 c5 28. Kh1 cxd4 29. Rxd4 Rxd4 30. cxd4 Qd5 31. Bg1 e6 32. Rc1 Bf8 33. Qe1 Be7 34. Kh2 Rc8 35. Be3 b4 36. Qf2 c3 37. bxc3 Rxc3 38. f5 gxf5 39. Rxc3 bxc3 40. Qe2 Qe4 41. Qh5 Kg8 42. Qxh6 c2 43. Bg5 Bf8 44. Qf6 Qxd4 45. Bc1 Bg7 46. Qg5 Qxe5+ 47. Bf4 Qf6 48. Qg3 Kh7 49. Qf2 Qd4 50. Qg3 Bh6 51. Bxh6 Kxh6 52. Qc7 Qd2 53. Qb8 c1Q 54. Qh8+ Kg5 55. h4+ Kf4 0-1

[Event "Online Olym Div2 E"]
[Site "Chess.com INT"]
[Date "2021.09.04"]
[Round "8.4"]
[White "Giron Chavez, David Emanuel"]
[Black "Arias, Lemnys A"]
[Result "0-1"]
[WhiteElo "2126"]
[BlackElo "2303"]
[PlyCount "94"]
[EventDate "2021.09.02"]
[EventType "team (rapid)"]
[EventRounds "9"]
[EventCountry "USA"]
[SourceTitle "CBM 204 Extra"]
[Source "ChessBase"]
[SourceDate "2021.11.30"]
[SourceVersion "1"]
[SourceVersionDate "2021.11.30"]
[SourceQuality "1"]
[WhiteTeam "Guatemala"]
[BlackTeam "El Salvador"]
[WhiteTeamCountry "GUA"]
[BlackTeamCountry "ESA"]

1. e4 c5 2. Nf3 a6 3. c4 d6 4. d4 Bg4 5. d5 Nd7 6. Be2 g6 7. Nfd2 Bxe2 8. Qxe2 Bg7 9. 0-0 e5 10. dxe6 fxe6 11. f4 Ne7 12. Nf3 Nc6 13. Be3 Nd4 14. Bxd4 cxd4 15. e5 dxe5 16. fxe5 Qb6 17. Nbd2 d3+ 18. Qf2 Qxf2+ 19. Kxf2 Nxe5 20. Rae1 0-0 21. b3 Rae8 22. Kg3 Nc6 23. Re3 Nb4 24. a3 Bh6 25. Re4 Nc2 26. a4 Rf5 27. h4 Ref8 28. Rxe6 Bxd2 29. Nxd2 Rxf1 30. Nxf1 Rxf1 31. Rd6 Nb4 32. h5 Kg7 33. hxg6 hxg6 34. Kg4 Rf6 35. Rd7+ Rf7 36. Rd6 Rf5 37. Rd7+ Kf8 38. Kh3 Ke8 39. Rd4 Rf7 40. Kg3 Rd7 41. Re4+ Kd8 42. Re1 Kc7 43. Kf3 Kc6 44. Rd1 Re7 45. g4 Kc5 46. g5 Kd4 47. Rh1 d2 0-1

[Event "Online Olym Div2 E"]
[Site "Chess.com INT"]
[Date "2021.09.02"]
[Round "2.4"]
[White "Albornoz Cabrera, Carlos Daniel"]
[Black "Arias, Lemnys A"]
[Result "1-0"]
[WhiteElo "2567"]
[BlackElo "2303"]
[PlyCount "49"]
[EventDate "2021.09.02"]
[EventType "team (rapid)"]
[EventRounds "9"]
[EventCountry "USA"]
[SourceTitle "CBM 204 Extra"]
[Source "ChessBase"]
[SourceDate "2021.11.30"]
[SourceVersion "1"]
[SourceVersionDate "2021.11.30"]
[SourceQuality "1"]
[WhiteTeam "Cuba"]
[BlackTeam "El Salvador"]
[WhiteTeamCountry "CUB"]
[BlackTeamCountry "ESA"]

1. Nf3 d5 2. d4 Nf6 3. c4 c6 4. Nc3 a6 5. c5 g6 6. Bf4 Bg7 7. h3 0-0 8. e3 Bf5 9. Be2 Ne4 10. 0-0 Nd7 11. Bh2 e5 12. Qb3 exd4 13. exd4 Re8 14. Rfe1 Ng5 15. Qxb7 Nxf3+ 16. Bxf3 Bxd4 17. Qxc6 Nxc5 18. Nxd5 Rxe1+ 19. Rxe1 Rc8 20. Ne7+ Qxe7 21. Qxc8+ Bxc8 22. Rxe7 Be6 23. b3 Nd3 24. Re8+ Kg7 25. Rd8 1-0

[Event "Online Olym Div3 E"]
[Site "Chess.com INT"]
[Date "2021.08.28"]
[Round "4.1"]
[White "Arias, Lemnys A"]
[Black "Rodriguez Santiago, Jaime"]
[Result "0-1"]
[WhiteElo "2303"]
[BlackElo "2037"]
[PlyCount "100"]
[EventDate "2021.08.27"]
[EventType "team-tourn (rapid)"]
[EventRounds "9"]
[EventCountry "USA"]
[SourceTitle "CBM 204 Extra"]
[Source "ChessBase"]
[SourceDate "2021.11.30"]
[SourceVersion "1"]
[SourceVersionDate "2021.11.30"]
[SourceQuality "1"]
[WhiteTeam "El Salvador"]
[BlackTeam "Puerto Rico"]
[WhiteTeamCountry "ESA"]
[BlackTeamCountry "PUR"]

1. d4 g6 2. Nf3 d6 3. e4 Bg7 4. c3 Nd7 5. Bd3 e5 6. 0-0 Ngf6 7. Re1 0-0 8. Nbd2 Nh5 9. Nc4 b5 10. Na5 a6 11. a4 bxa4 12. Qxa4 Nb6 13. Qd1 Bg4 14. dxe5 dxe5 15. h3 Bd7 16. Qe2 Qc8 17. Kh2 c5 18. Nc4 Qc7 19. Be3 Rfb8 20. Nfd2 Nf4 21. Bxf4 exf4 22. Kg1 Be6 23. Reb1 Nxc4 24. Bxc4 Bxc4 25. Nxc4 Rb5 26. Rd1 a5 27. Rd5 a4 28. Rad1 Rb7 29. Rd7 Qc6 30. Rd8+ Rxd8 31. Rxd8+ Bf8 32. Na5 Qb5 33. Qxb5 Rxb5 34. Nc4 a3 35. bxa3 Rb3 36. Rd3 Bg7 37. e5 Rb1+ 38. Kh2 Re1 39. Rd8+ Bf8 40. a4 Re4 41. Nb6 Kg7 42. a5 Re2 43. Nd7 Be7 44. Re8 Bh4 45. Kg1 Rxf2 46. e6 Ra2 47. Kf1 fxe6 48. Nxc5 Rxa5 49. Nxe6+ Kf7 50. Nc7 Ra1+ 0-1